00682nam a2200181 a 450000100100000000500170001000800410002704000250006808200150009324500920010826000450020030000210024549000310026670000350029783000380033295201130037099900170048300004577720201002052434.0150512s2004 dr 000 p spa d aDO-SdBNPbspacBNPHU axxxxbxxxx00aVoces metapoéticas :bantología /cprólogo, selección y notas de Joel Almonó. aSanto Domingo :bEl Nuevo Diario,c2004. a210 p. ;c21 cm.1 aPapeles de la metapoesía12aAlmonó, Joel,epról924326 0aPapeles de la metapoesía973861 0010718PDaGRbGRcCTd2015-05-12iLF1l0oxxxx xxxxp45777-10r2020-06-25w2020-06-25yLFPDZNo se presta c45266d45266